[Event "EUYCC 2025 - U10"]
[Site "?"]
[Date "2025.08.21"]
[Round "3.3"]
[White "Siska, Samuel"]
[Black "Skouroupathis, Kyriakos"]
[Result "1/2-1/2"]
[BlackElo "1798"]
[WhiteElo "1687"]
[LiveChessVersion "1.4.8"]

1. Nf3 {[%clk 1:30:30]} e6 {[%clk 1:30:49]} 2. d4 {[%clk 1:29:21]} Nf6
{[%clk 1:31:03]} 3. c4 {[%clk 1:28:14]} d5 {[%clk 1:30:58]} 4. Bf4
{[%clk 1:28:11]} Bd6 {[%clk 1:18:02]} 5. Bxd6 {[%clk 1:24:14]} Qxd6
{[%clk 1:18:19]} 6. Nc3 {[%clk 1:22:48]} dxc4 {[%clk 1:05:53]} 7. e4
{[%clk 1:18:30]} Qb6 {[%clk 0:45:16]} 8. Qd2 {[%clk 1:14:07]} Nc6
{[%clk 0:37:24]} 9. Bxc4 {[%clk 1:13:24]} Ne7 {[%clk 0:26:31]} 10. O-O
{[%clk 1:09:09]} O-O {[%clk 0:26:21]} 11. Rac1 {[%clk 1:06:12]} c6
{[%clk 0:24:11]} 12. Bd3 {[%clk 1:01:12]} Ng6 {[%clk 0:20:26]} 13. Bb1
{[%clk 0:58:51]} Rd8 {[%clk 0:12:34]} 14. Qc2 {[%clk 0:54:39]} Qc7
{[%clk 0:09:27]} 15. e5 {[%clk 0:45:09]} Nd5 {[%clk 0:04:57]} 16. Nd2
{[%clk 0:42:30]} Qe7 {[%clk 0:03:13]} 17. Nde4 {[%clk 0:40:13]} Nb4
{[%clk 0:02:41]} 18. Qd2 {[%clk 0:38:50]} c5 {[%clk 0:02:20]} 19. Nb5
{[%clk 0:36:28]} cxd4 {[%clk 0:02:43]} 20. Rc7 {[%clk 0:36:21]} Rd7
{[%clk 0:01:40]} 21. Rxd7 {[%clk 0:36:17]} Bxd7 {[%clk 0:02:07]} 22. Nbd6
{[%clk 0:36:36]} Nc6 {[%clk 0:02:12]} 23. f4 {[%clk 0:35:51]} b6 {[%clk 0:01:43]}
24. Ng5 {[%clk 0:35:28]} f6 {[%clk 0:00:49]} 25. Bxg6 {[%clk 0:35:04]} hxg6
{[%clk 0:01:12]} 26. Nf3 {[%clk 0:35:05]} fxe5 {[%clk 0:00:51]} 27. fxe5
{[%clk 0:35:28]} Rf8 {[%clk 0:00:46]} 28. Rd1 {[%clk 0:33:41]} Bc8
{[%clk 0:00:33]} 29. Nxd4 {[%clk 0:31:56]} Nxe5 {[%clk 0:00:52]} 30. Nxc8
{[%clk 0:31:45]} Rxc8 {[%clk 0:01:21]} 31. Qe3 {[%clk 0:31:42]} Nc4
{[%clk 0:00:53]} 32. Qxe6+ {[%clk 0:30:31]} Qxe6 {[%clk 0:01:20]} 33. Nxe6
{[%clk 0:30:53]} Nxb2 {[%clk 0:01:42]} 34. Rd8+ {[%clk 0:31:18]} Rxd8
{[%clk 0:01:54]} 35. Nxd8 {[%clk 0:31:42]} Nd1 {[%clk 0:01:37]} 36. Nc6
{[%clk 0:31:56]} a5 {[%clk 0:01:56]} 37. Ne7+ {[%clk 0:31:16]} Kf7
{[%clk 0:02:21]} 38. Nd5 {[%clk 0:31:31]} b5 {[%clk 0:02:25]} 39. Kf1
{[%clk 0:30:58]} b4 {[%clk 0:02:41]} 40. Ke2 {[%clk 0:31:07]} Nb2
{[%clk 0:02:59]} 41. Kd2 {[%clk 0:31:02]} Ke6 {[%clk 0:03:25]} 42. Nb6
{[%clk 0:30:51]} Kd6 {[%clk 0:00:56]} 43. Kc2 Kc6 44. Nc8 Nc4 45. Ne7+ Kb5 46.
Nxg6 a4 47. Nf4 Na3+ 48. Kb2 Kc4 49. Ne2 Kd3 50. Nc1+ Kd2 51. g4 Nc4+ 52. Kb1
Na3+ 53. Kb2 Nc4+ 1/2-1/2

[Event "EUYCC 2025 - U10"]
[Site "?"]
[Date "2025.08.21"]
[Round "3.4"]
[White "Hornacek, Tomas"]
[Black "Vanek, Michal"]
[Result "0-1"]
[BlackElo "1669"]
[WhiteElo "1710"]
[LiveChessVersion "1.4.8"]

1. e4 {[%clk 1:30:55]} c5 {[%clk 1:30:52]} 2. Nf3 {[%clk 1:31:12]} Nc6
{[%clk 1:31:19]} 3. d4 {[%clk 1:31:31]} cxd4 {[%clk 1:31:46]} 4. Nxd4
{[%clk 1:31:40]} e5 {[%clk 1:32:11]} 5. Nb5 {[%clk 1:31:01]} d6 {[%clk 1:32:35]}
6. Bd3 {[%clk 1:29:58]} Nge7 {[%clk 1:30:18]} 7. O-O {[%clk 1:24:50]} g6
{[%clk 1:28:22]} 8. Be3 {[%clk 1:23:29]} Be6 {[%clk 1:26:10]} 9. Bc4
{[%clk 1:18:15]} Nc8 {[%clk 1:22:19]} 10. Bxe6 {[%clk 1:18:30]} fxe6
{[%clk 1:22:40]} 11. Qg4 {[%clk 1:16:28]} Qd7 {[%clk 1:20:27]} 12. Nd2
{[%clk 1:07:54]} a6 {[%clk 1:18:59]} 13. Nc3 {[%clk 1:08:09]} Bg7
{[%clk 1:18:24]} 14. Qh3 {[%clk 1:04:28]} N8e7 {[%clk 1:14:25]} 15. Nf3
{[%clk 1:02:14]} h6 {[%clk 1:14:09]} 16. Rad1 {[%clk 1:02:01]} O-O-O
{[%clk 1:14:00]} 17. Na4 {[%clk 1:02:19]} Kb8 {[%clk 1:11:10]} 18. Nb6
{[%clk 1:00:56]} Qc7 {[%clk 1:10:57]} 19. Nc4 {[%clk 0:56:34]} d5
{[%clk 1:09:13]} 20. Bb6 {[%clk 0:56:25]} Qc8 {[%clk 1:09:31]} 21. Bxd8
{[%clk 0:56:47]} Rxd8 {[%clk 1:09:38]} 22. exd5 {[%clk 0:56:34]} exd5
{[%clk 1:08:39]} 23. Qxc8+ {[%clk 0:55:58]} Kxc8 {[%clk 1:09:02]} 24. Nb6+
{[%clk 0:54:50]} Kc7 {[%clk 1:08:56]} 25. Na4 {[%clk 0:54:52]} b5
{[%clk 1:08:09]} 26. Nc5 {[%clk 0:55:12]} Rd6 {[%clk 1:06:46]} 27. c3
{[%clk 0:53:56]} Kb6 {[%clk 1:04:53]} 28. b4 {[%clk 0:53:01]} a5 {[%clk 1:03:59]}
29. a3 {[%clk 0:52:35]} e4 {[%clk 1:04:10]} 30. Nd4 {[%clk 0:52:33]} Bxd4
{[%clk 1:03:49]} 31. cxd4 {[%clk 0:51:35]} axb4 {[%clk 1:03:51]} 32. axb4
{[%clk 0:51:41]} Nxb4 {[%clk 1:03:52]} 33. Ra1 {[%clk 0:50:11]} Nec6
{[%clk 1:03:29]} 34. Nb3 {[%clk 0:47:12]} Nc2 {[%clk 1:02:05]} 35. Rad1
{[%clk 0:47:07]} e3 {[%clk 1:00:49]} 36. Nc1 {[%clk 0:46:10]} exf2+
{[%clk 0:58:56]} 37. Kxf2 {[%clk 0:44:47]} N2xd4 {[%clk 0:55:45]} 38. Ke3
{[%clk 0:42:43]} Nf5+ {[%clk 0:53:12]} 39. Kd3 {[%clk 0:40:53]} d4
{[%clk 0:50:54]} 40. Rf4 {[%clk 0:34:00]} Nb4+ {[%clk 0:48:44]} 41. Ke4
{[%clk 0:33:15]} Re6+ {[%clk 0:47:45]} 42. Kf3 {[%clk 0:33:02]} Nd5
{[%clk 0:46:00]} 43. Re4 {[%clk 0:31:42]} Rxe4 {[%clk 0:46:20]} 44. Kxe4
{[%clk 0:31:55]} Nc3+ {[%clk 0:46:43]} 45. Ke5 {[%clk 0:32:11]} Nxd1
{[%clk 0:46:22]} 46. Kf6 {[%clk 0:32:27]} Nfe3 {[%clk 0:45:39]} 47. g3
{[%clk 0:32:07]} g5 {[%clk 0:43:28]} 48. Kg6 {[%clk 0:32:03]} g4 {[%clk 0:43:40]}
49. Kh5 {[%clk 0:31:33]} Nf2 {[%clk 0:43:37]} 50. Kxh6 {[%clk 0:31:01]} d3
{[%clk 0:43:55]} 51. Nb3 {[%clk 0:31:20]} Nf1 {[%clk 0:43:58]} 52. Kg5
{[%clk 0:31:23]} d2 {[%clk 0:44:04]} 0-1

[Event "EUYCC 2025 - U10"]
[Site "?"]
[Date "2025.08.21"]
[Round "3.5"]
[White "Bostina, Vladimir-Ioan"]
[Black "Grigorescu, Stefan"]
[Result "1-0"]
[BlackElo "1465"]
[WhiteElo "1697"]
[LiveChessVersion "1.4.8"]

1. c4 {[%clk 1:30:55]} c5 {[%clk 1:30:38]} 2. g3 {[%clk 1:31:18]} g6
{[%clk 1:30:58]} 3. Bg2 {[%clk 1:31:40]} Bg7 {[%clk 1:30:57]} 4. Nc3
{[%clk 1:32:07]} Nc6 {[%clk 1:31:14]} 5. b3 {[%clk 1:32:12]} b6 {[%clk 1:31:30]}
6. Bb2 {[%clk 1:28:29]} Bb7 {[%clk 1:30:15]} 7. e3 {[%clk 1:22:10]} e6
{[%clk 1:21:55]} 8. Nge2 {[%clk 1:13:59]} d5 {[%clk 1:05:30]} 9. cxd5
{[%clk 0:57:08]} Nb4 {[%clk 1:05:49]} 10. O-O {[%clk 0:55:07]} exd5 11. d4
{[%clk 0:46:40]} Ba6 {[%clk 0:53:50]} 12. Ba3 {[%clk 0:30:52]} Ne7
{[%clk 0:36:13]} 13. Bxb4 {[%clk 0:21:42]} cxb4 {[%clk 0:36:36]} 14. Na4
{[%clk 0:21:34]} O-O {[%clk 0:34:01]} 15. Qd2 {[%clk 0:18:13]} Qd7
{[%clk 0:31:46]} 16. Rfc1 {[%clk 0:16:53]} Rac8 {[%clk 0:30:37]} 17. Nf4
{[%clk 0:14:59]} g5 {[%clk 0:28:25]} 18. Nd3 {[%clk 0:14:00]} Bb5
{[%clk 0:22:28]} 19. Nab2 {[%clk 0:13:20]} a5 {[%clk 0:22:29]} 20. Rxc8
{[%clk 0:06:46]} Rxc8 {[%clk 0:22:46]} 21. Rc1 {[%clk 0:06:41]} Rc6
{[%clk 0:17:31]} 22. Rxc6 {[%clk 0:04:30]} Qxc6 {[%clk 0:17:48]} 23. Qc1
{[%clk 0:04:32]} Qc3 {[%clk 0:17:51]} 24. Bf1 {[%clk 0:01:17]} Nc6
{[%clk 0:16:47]} 25. a4 Ba6 {[%clk 0:16:02]} 26. Be2 {[%clk 0:00:34]} Ne7
{[%clk 0:14:46]} 27. Qxc3 {[%clk 0:00:32]} bxc3 {[%clk 0:14:55]} 28. Nd1
{[%clk 0:00:52]} c2 {[%clk 0:15:06]} 29. N1b2 {[%clk 0:01:15]} Nc6
{[%clk 0:15:18]} 30. Nc1 {[%clk 0:01:01]} Bxe2 {[%clk 0:14:53]} 31. Nxe2
{[%clk 0:01:53]} Nb4 {[%clk 0:15:39]} 32. Nc1 {[%clk 0:02:03]} Bf8
{[%clk 0:13:11]} 33. Kf1 {[%clk 0:00:53]} Kg7 {[%clk 0:12:48]} 34. Ke2
{[%clk 0:00:44]} Nc6 {[%clk 0:12:28]} 35. Kd2 {[%clk 0:00:36]} Ba3
{[%clk 0:12:10]} 36. Nbd3 {[%clk 0:00:45]} Bxc1+ {[%clk 0:12:17]} 37. Kxc1
{[%clk 0:00:59]} Nb4 38. Nxb4 {[%clk 0:01:28]} axb4 {[%clk 0:12:34]} 39. Kxc2
{[%clk 0:01:25]} g4 40. Kd3 f5 {[%clk 0:12:03]} 41. Ke2 {[%clk 0:01:24]} Kf6
{[%clk 0:12:06]} 42. Kf1 {[%clk 0:00:38]} h5 {[%clk 0:12:30]} 43. Kg2
{[%clk 0:00:48]} Kg5 {[%clk 0:12:36]} 44. h3 {[%clk 0:00:46]} Kf6
{[%clk 0:12:46]} 45. hxg4 {[%clk 0:00:50]} hxg4 {[%clk 0:12:59]} 46. f3
{[%clk 0:00:42]} Kg5 {[%clk 0:12:48]} 47. fxg4 {[%clk 0:00:54]} fxg4
{[%clk 0:13:25]} 48. Kf1 {[%clk 0:01:03]} Kf6 {[%clk 0:13:44]} 49. Ke2
{[%clk 0:01:26]} Ke6 {[%clk 0:14:03]} 50. Kd3 Kf5 51. e4+ {[%clk 0:01:40]} dxe4+
{[%clk 0:14:20]} 52. Ke3 {[%clk 0:02:04]} Kf6 {[%clk 0:13:53]} 53. Kxe4
{[%clk 0:02:25]} Ke6 {[%clk 0:14:16]} 54. d5+ {[%clk 0:02:42]} Kd6
{[%clk 0:14:37]} 55. Kd4 {[%clk 0:03:04]} Kd7 {[%clk 0:14:57]} 56. Kc4
{[%clk 0:02:59]} Kd6 {[%clk 0:15:17]} 57. Kxb4 {[%clk 0:02:49]} Kxd5
{[%clk 0:15:36]} 58. Kb5 {[%clk 0:03:09]} Ke4 {[%clk 0:16:02]} 59. Kxb6 Kf3
{[%clk 0:16:13]} 60. a5 {[%clk 0:03:27]} Kxg3 {[%clk 0:16:39]} 61. a6
{[%clk 0:03:49]} Kf2 {[%clk 0:16:30]} 62. a7 {[%clk 0:03:52]} g3 {[%clk 0:16:55]}
63. a8=Q {[%clk 0:04:16]} g2 {[%clk 0:17:21]} 64. Qf8+ {[%clk 0:04:17]} Ke1
{[%clk 0:17:41]} 65. Qc5 {[%clk 0:04:22]} Kf1 {[%clk 0:18:04]} 66. Qf5+
{[%clk 0:04:48]} Ke1 {[%clk 0:18:24]} 67. Qe4+ {[%clk 0:05:11]} Kf1
{[%clk 0:18:47]} 68. Qf3+ {[%clk 0:05:37]} Kg1 {[%clk 0:19:10]} 69. b4
{[%clk 0:05:54]} Kh2 {[%clk 0:19:29]} 70. Qf2 {[%clk 0:06:13]} Kh1
{[%clk 0:19:49]} 71. Qh4+ {[%clk 0:06:39]} 1-0

[Event "EUYCC 2025 - U10"]
[Site "?"]
[Date "2025.08.21"]
[Round "3.6"]
[White "Lobina, Thomas"]
[Black "Khichane, Selena"]
[Result "1-0"]
[BlackElo "1528"]
[WhiteElo "1959"]
[LiveChessVersion "1.4.8"]

1. d4 {[%clk 1:30:56]} d5 {[%clk 1:30:49]} 2. Nf3 {[%clk 1:31:20]} Nf6
{[%clk 1:31:05]} 3. c4 {[%clk 1:31:31]} c6 {[%clk 1:30:49]} 4. Nc3
{[%clk 1:31:55]} e6 {[%clk 1:30:48]} 5. Bg5 {[%clk 1:32:13]} Nbd7
{[%clk 1:30:56]} 6. e3 {[%clk 1:32:26]} Qa5 {[%clk 1:31:00]} 7. Nd2
{[%clk 1:32:45]} Bb4 {[%clk 1:30:13]} 8. Qc2 {[%clk 1:33:05]} Ne4
{[%clk 1:27:52]} 9. Ndxe4 {[%clk 1:32:58]} dxe4 {[%clk 1:27:57]} 10. Bh4
{[%clk 1:33:14]} Nb6 {[%clk 1:22:19]} 11. Be2 {[%clk 1:28:50]} Na4
{[%clk 1:17:27]} 12. Rc1 {[%clk 1:29:01]} O-O {[%clk 1:08:07]} 13. O-O
{[%clk 1:27:13]} Nxc3 {[%clk 1:08:15]} 14. bxc3 {[%clk 1:27:35]} Bd6
{[%clk 1:04:16]} 15. c5 Bc7 {[%clk 1:01:38]} 16. Qxe4 {[%clk 1:01:24]} Qxa2 17.
Bf3 {[%clk 1:00:25]} Qc4 {[%clk 0:57:04]} 18. Qc2 {[%clk 0:50:30]} e5
{[%clk 0:51:14]} 19. Be2 {[%clk 0:50:05]} Qe6 {[%clk 0:50:42]} 20. e4
{[%clk 0:48:18]} exd4 {[%clk 0:45:12]} 21. cxd4 {[%clk 0:48:44]} Qh6
{[%clk 0:45:09]} 22. Bg3 {[%clk 0:49:09]} Bxg3 {[%clk 0:45:25]} 23. hxg3
{[%clk 0:49:26]} Be6 {[%clk 0:44:31]} 24. Bf3 {[%clk 0:49:20]} Qg5
{[%clk 0:35:23]} 25. Rfd1 {[%clk 0:49:16]} Rfd8 {[%clk 0:35:24]} 26. Qb2
{[%clk 0:48:49]} Rab8 {[%clk 0:34:36]} 27. Ra1 {[%clk 0:49:01]} a6
{[%clk 0:34:58]} 28. Rac1 {[%clk 0:47:28]} Bg4 {[%clk 0:33:04]} 29. Qc3
{[%clk 0:46:09]} h6 {[%clk 0:31:56]} 30. Rb1 {[%clk 0:46:12]} Bh5
{[%clk 0:31:48]} 31. Rb6 {[%clk 0:43:25]} Bxf3 {[%clk 0:30:12]} 32. gxf3
{[%clk 0:43:23]} Qf6 {[%clk 0:29:36]} 33. Kg2 {[%clk 0:43:40]} h5
{[%clk 0:29:15]} 34. Qe3 {[%clk 0:43:01]} h4 {[%clk 0:27:30]} 35. e5
{[%clk 0:43:24]} Qe7 {[%clk 0:27:38]} 36. Rh1 {[%clk 0:43:28]} hxg3
{[%clk 0:27:22]} 37. fxg3 {[%clk 0:42:42]} Qd7 {[%clk 0:27:32]} 38. Rb4
{[%clk 0:42:42]} Qd5 {[%clk 0:27:33]} 39. g4 {[%clk 0:40:05]} Qa2+
{[%clk 0:27:35]} 40. Kg3 {[%clk 0:39:33]} a5 {[%clk 0:27:46]} 41. Rbb1
{[%clk 0:39:28]} Qc4 {[%clk 0:27:51]} 42. Rbd1 {[%clk 0:39:47]} a4
{[%clk 0:27:40]} 43. Qe4 {[%clk 0:40:01]} g6 {[%clk 0:27:40]} 44. Qf4
{[%clk 0:40:13]} Kf8 {[%clk 0:27:44]} 45. Rh8+ {[%clk 0:40:10]} Ke7
{[%clk 0:27:58]} 46. Qf6+ {[%clk 0:40:36]} Kd7 {[%clk 0:28:14]} 47. Qd6+
{[%clk 0:41:00]} 1-0

[Event "EUYCC 2025 - U10"]
[Site "?"]
[Date "2025.08.21"]
[Round "3.7"]
[White "Macharacek, Jakub"]
[Black "Karcz, Aleksandra"]
[Result "1/2-1/2"]
[BlackElo "1485"]
[WhiteElo "1677"]
[LiveChessVersion "1.4.8"]

1. e4 {[%clk 1:30:57]} e5 {[%clk 1:30:59]} 2. Nf3 {[%clk 1:31:20]} Nc6
{[%clk 1:31:28]} 3. Bc4 {[%clk 1:31:43]} Nf6 {[%clk 1:31:54]} 4. d3
{[%clk 1:32:07]} Bc5 {[%clk 1:32:23]} 5. c3 {[%clk 1:32:31]} d6 {[%clk 1:32:49]}
6. h3 {[%clk 1:32:52]} a6 7. Bb3 {[%clk 1:32:49]} Be6 {[%clk 1:33:25]} 8. Bc2
{[%clk 1:33:07]} Ne7 {[%clk 1:30:59]} 9. O-O {[%clk 1:31:27]} Ng6
{[%clk 1:31:02]} 10. Re1 {[%clk 1:29:45]} O-O 11. Nbd2 {[%clk 1:27:10]} Ba7
{[%clk 1:28:12]} 12. Nf1 {[%clk 1:23:25]} Qd7 {[%clk 1:28:32]} 13. d4
{[%clk 1:16:14]} exd4 {[%clk 1:18:59]} 14. cxd4 {[%clk 1:15:16]} Qd8
{[%clk 1:13:21]} 15. Ng3 {[%clk 1:10:17]} Re8 {[%clk 1:10:47]} 16. Bd2
{[%clk 1:03:55]} h6 {[%clk 1:05:47]} 17. Bc3 {[%clk 0:53:18]} d5 {[%clk 0:50:35]}
18. e5 {[%clk 0:52:02]} Nd7 {[%clk 0:49:17]} 19. Bxg6 {[%clk 0:50:13]} fxg6
{[%clk 0:49:41]} 20. Qd3 {[%clk 0:49:17]} Bf7 {[%clk 0:49:39]} 21. Ne2
{[%clk 0:37:47]} Nf8 {[%clk 0:41:45]} 22. Nf4 {[%clk 0:35:07]} Qd7
{[%clk 0:38:04]} 23. Bb4 {[%clk 0:30:04]} g5 {[%clk 0:36:42]} 24. Ne2
{[%clk 0:28:15]} Bg6 {[%clk 0:36:38]} 25. Qe3 {[%clk 0:26:10]} Ne6
{[%clk 0:33:25]} 26. Rad1 {[%clk 0:23:18]} Rac8 {[%clk 0:27:32]} 27. Ng3
{[%clk 0:18:29]} Nf4 {[%clk 0:24:32]} 28. h4 {[%clk 0:14:39]} gxh4
{[%clk 0:14:07]} 29. Qxf4 {[%clk 0:13:37]} hxg3 {[%clk 0:14:16]} 30. Qxg3
{[%clk 0:14:02]} Bf5 {[%clk 0:12:32]} 31. a3 {[%clk 0:13:23]} b6 {[%clk 0:11:32]}
32. Qf4 {[%clk 0:12:12]} c5 {[%clk 0:11:37]} 33. Bc3 {[%clk 0:12:22]} Rf8
{[%clk 0:11:32]} 34. Qg3 {[%clk 0:10:56]} Be6 {[%clk 0:11:10]} 35. Re3
{[%clk 0:09:17]} Qf7 {[%clk 0:08:42]} 36. b4 {[%clk 0:04:38]} Qf4
{[%clk 0:07:20]} 37. Qg6 {[%clk 0:03:29]} Qf5 {[%clk 0:07:13]} 38. Qxf5
{[%clk 0:03:16]} Rxf5 {[%clk 0:07:27]} 39. Nh4 {[%clk 0:03:08]} Rf7
{[%clk 0:07:24]} 40. g3 {[%clk 0:01:01]} Kh7 {[%clk 0:06:47]} 41. Ng2
{[%clk 0:00:53]} g5 {[%clk 0:06:29]} 42. Rd2 {[%clk 0:00:46]} cxd4
{[%clk 0:06:16]} 43. Bxd4 {[%clk 0:01:05]} b5 {[%clk 0:06:09]} 44. Bxa7
{[%clk 0:01:30]} Rxa7 {[%clk 0:06:38]} 45. f4 {[%clk 0:01:06]} Rd7
{[%clk 0:06:02]} 46. Kf2 d4 {[%clk 0:05:33]} 47. Re1 {[%clk 0:00:40]} Re8
{[%clk 0:04:23]} 48. Red1 {[%clk 0:00:52]} Red8 {[%clk 0:04:29]} 49. Ne1
{[%clk 0:00:43]} Kg7 {[%clk 0:03:55]} 50. Nd3 {[%clk 0:00:46]} Rd5
{[%clk 0:01:44]} 51. Nc5 {[%clk 0:00:43]} Bc8 {[%clk 0:01:54]} 52. Kf3
{[%clk 0:00:41]} h5 {[%clk 0:02:03]} 53. Ke4 {[%clk 0:00:48]} Kg6
{[%clk 0:01:14]} 54. Rf1 {[%clk 0:00:37]} Bf5+ {[%clk 0:01:21]} 55. Kf3
{[%clk 0:00:56]} Bh3 {[%clk 0:01:17]} 56. Re1 {[%clk 0:01:02]} Bg4+
{[%clk 0:01:33]} 57. Kg2 {[%clk 0:01:12]} Bc8 {[%clk 0:01:22]} 58. Kf2
{[%clk 0:00:37]} Kf5 {[%clk 0:01:06]} 59. Kf3 {[%clk 0:00:37]} Kg6
{[%clk 0:01:15]} 60. Rd3 {[%clk 0:00:34]} Bf5 {[%clk 0:01:08]} 61. Rd2
{[%clk 0:00:59]} Bg4+ {[%clk 0:01:28]} 62. Kf2 {[%clk 0:01:17]} Bc8
{[%clk 0:01:11]} 63. Nd3 {[%clk 0:00:44]} Re8 {[%clk 0:01:23]} 1/2-1/2

[Event "EUYCC 2025 - U10"]
[Site "?"]
[Date "2025.08.21"]
[Round "3.8"]
[White "Horvath, Kornel"]
[Black "Szczurek, Julia"]
[Result "1-0"]
[BlackElo "1479"]
[WhiteElo "1635"]
[LiveChessVersion "1.4.8"]

1. e4 {[%clk 1:30:50]} e5 {[%clk 1:30:58]} 2. Nf3 {[%clk 1:31:10]} Nc6
{[%clk 1:31:20]} 3. Bc4 {[%clk 1:31:29]} Bc5 {[%clk 1:31:40]} 4. c3
{[%clk 1:31:43]} d6 {[%clk 1:32:05]} 5. h3 {[%clk 1:31:22]} Nf6 {[%clk 1:32:06]}
6. d3 {[%clk 1:31:39]} a6 {[%clk 1:31:21]} 7. b4 {[%clk 1:30:17]} Ba7
{[%clk 1:30:10]} 8. a4 {[%clk 1:30:27]} Be6 {[%clk 1:24:11]} 9. Bb3
{[%clk 1:23:25]} O-O {[%clk 1:18:34]} 10. Bc2 {[%clk 1:17:40]} Re8
{[%clk 1:15:54]} 11. O-O {[%clk 1:14:45]} Qd7 12. Ng5 {[%clk 1:02:27]} d5
{[%clk 0:56:43]} 13. Nxe6 {[%clk 0:57:55]} Qxe6 14. Bb3 {[%clk 0:54:38]} Qd7
{[%clk 0:50:31]} 15. exd5 {[%clk 0:53:57]} Nxd5 {[%clk 0:50:31]} 16. Qf3
{[%clk 0:52:47]} Nf6 {[%clk 0:48:19]} 17. Bg5 {[%clk 0:52:23]} e4
{[%clk 0:45:42]} 18. dxe4 {[%clk 0:51:43]} Nxe4 {[%clk 0:45:43]} 19. Bh4
{[%clk 0:49:55]} Nd6 {[%clk 0:42:56]} 20. Rd1 {[%clk 0:49:16]} h6
{[%clk 0:40:06]} 21. Na3 {[%clk 0:44:21]} Qf5 {[%clk 0:37:36]} 22. Bg3
{[%clk 0:41:59]} Qxf3 {[%clk 0:34:47]} 23. gxf3 {[%clk 0:41:12]} Nf5
{[%clk 0:31:01]} 24. Bxc7 {[%clk 0:32:13]} Re2 {[%clk 0:28:38]} 25. Rf1
{[%clk 0:30:46]} Rc8 {[%clk 0:25:32]} 26. Bf4 {[%clk 0:29:25]} Nce7
{[%clk 0:22:46]} 27. Bc4 {[%clk 0:29:21]} Ng6 {[%clk 0:15:20]} 28. Bxe2
{[%clk 0:27:39]} Nxf4 {[%clk 0:15:44]} 29. Bd1 {[%clk 0:23:57]} Ng3
{[%clk 0:10:05]} 30. Re1 {[%clk 0:23:08]} Nd3 {[%clk 0:10:17]} 31. Re7
{[%clk 0:21:51]} Bxf2+ {[%clk 0:09:41]} 32. Kg2 {[%clk 0:22:11]} Nf5
{[%clk 0:08:33]} 33. Rd7 {[%clk 0:20:38]} Ne3+ {[%clk 0:07:33]} 34. Kh1
{[%clk 0:20:42]} Nf4 {[%clk 0:05:56]} 35. Ra2 {[%clk 0:20:22]} Bg3
{[%clk 0:05:12]} 36. Nc2 {[%clk 0:17:55]} Nf5 {[%clk 0:04:14]} 37. Nd4
{[%clk 0:17:14]} Ne3 {[%clk 0:02:26]} 38. Ne2 {[%clk 0:16:28]} Nxe2
{[%clk 0:01:40]} 39. Rxe2 {[%clk 0:15:25]} Rxc3 {[%clk 0:01:35]} 40. Rd8+
{[%clk 0:14:03]} Kh7 {[%clk 0:01:59]} 41. Rdd2 {[%clk 0:14:13]} Bf4
{[%clk 0:01:31]} 42. Bc2+ {[%clk 0:14:00]} Nxc2 {[%clk 0:01:01]} 43. Rxc2
{[%clk 0:14:15]} Rxc2 {[%clk 0:01:26]} 44. Rxc2 {[%clk 0:14:35]} Kg6
{[%clk 0:01:28]} 45. Rc4 {[%clk 0:13:45]} Be5 {[%clk 0:01:32]} 46. b5
{[%clk 0:13:26]} a5 {[%clk 0:00:47]} 47. b6 {[%clk 0:13:00]} Bd6 {[%clk 0:00:53]}
48. Rc7 {[%clk 0:12:50]} Kf6 {[%clk 0:00:49]} 49. Rxb7 {[%clk 0:13:08]} Ke6
{[%clk 0:01:09]} 50. Ra7 {[%clk 0:13:23]} g5 {[%clk 0:00:55]} 51. b7
{[%clk 0:13:34]} Kf5 {[%clk 0:00:50]} 52. Ra8 {[%clk 0:13:47]} Kf4
{[%clk 0:01:09]} 53. Kg2 {[%clk 0:14:11]} f5 {[%clk 0:01:28]} 54. b8=Q
{[%clk 0:14:33]} Bxb8 {[%clk 0:01:56]} 55. Rxb8 {[%clk 0:14:49]} h5
{[%clk 0:02:17]} 56. Rb5 {[%clk 0:14:40]} g4 {[%clk 0:02:29]} 57. hxg4
{[%clk 0:14:57]} hxg4 {[%clk 0:02:49]} 58. fxg4 {[%clk 0:15:19]} fxg4
{[%clk 0:03:00]} 59. Rxa5 {[%clk 0:15:34]} 1-0

[Event "EUYCC 2025 - U10"]
[Site "?"]
[Date "2025.08.21"]
[Round "3.9"]
[White "Janousek, Matej"]
[Black "Kristof, Simon"]
[Result "0-1"]
[BlackElo "1635"]
[WhiteElo "1447"]
[LiveChessVersion "1.4.8"]

1. e4 {[%clk 1:30:57]} Nf6 {[%clk 1:30:53]} 2. Nc3 {[%clk 1:31:16]} e5
{[%clk 1:31:03]} 3. Nf3 {[%clk 1:31:29]} Nc6 {[%clk 1:31:23]} 4. Bc4
{[%clk 1:31:47]} Nxe4 {[%clk 1:31:44]} 5. Nxe4 {[%clk 1:31:53]} d5
{[%clk 1:32:04]} 6. Bxd5 {[%clk 1:22:41]} Qxd5 {[%clk 1:32:25]} 7. d3
{[%clk 1:23:00]} Bg4 {[%clk 1:26:41]} 8. h3 {[%clk 1:21:19]} Bh5 {[%clk 1:26:23]}
9. Be3 {[%clk 1:20:55]} f5 {[%clk 1:18:17]} 10. Nc3 {[%clk 1:20:45]} Qd8
{[%clk 1:14:14]} 11. Qd2 {[%clk 1:20:30]} Bxf3 {[%clk 1:12:52]} 12. gxf3
{[%clk 1:20:48]} f4 {[%clk 1:13:15]} 13. Bxf4 {[%clk 1:13:24]} exf4
{[%clk 1:13:21]} 14. Qxf4 {[%clk 1:13:38]} Qe7+ {[%clk 1:02:30]} 15. Ne2
{[%clk 1:13:26]} Qe5 {[%clk 1:00:24]} 16. O-O-O {[%clk 1:12:55]} Qxf4+
{[%clk 1:00:37]} 17. Nxf4 {[%clk 1:13:11]} Kd7 {[%clk 0:36:54]} 18. Rde1
{[%clk 1:10:55]} Re8 {[%clk 0:33:13]} 19. Rxe8 {[%clk 1:10:39]} Kxe8
{[%clk 0:33:30]} 20. Re1+ {[%clk 1:11:00]} Kd7 {[%clk 0:32:57]} 21. Ne6
{[%clk 1:10:31]} Nd8 {[%clk 0:31:08]} 22. Nd4 {[%clk 1:10:20]} Bd6
{[%clk 0:26:24]} 23. Nb5 {[%clk 1:09:46]} a6 {[%clk 0:25:54]} 24. Nd4
{[%clk 1:09:57]} Nc6 {[%clk 0:24:34]} 25. Nf5 {[%clk 1:07:20]} g6
{[%clk 0:23:27]} 26. Nxd6 {[%clk 1:06:50]} Kxd6 {[%clk 0:23:41]} 27. Re4
{[%clk 1:00:55]} Rf8 {[%clk 0:21:20]} 28. f4 {[%clk 1:00:23]} Rf5
{[%clk 0:20:38]} 29. h4 {[%clk 0:57:47]} Rh5 {[%clk 0:20:16]} 30. d4
{[%clk 0:56:59]} Kd5 {[%clk 0:16:22]} 31. Re3 {[%clk 0:56:49]} Rxh4
{[%clk 0:15:38]} 32. Rf3 {[%clk 0:52:46]} Kxd4 {[%clk 0:08:22]} 33. c3+
{[%clk 0:53:05]} Kc5 {[%clk 0:07:14]} 34. f5 {[%clk 0:46:35]} gxf5
{[%clk 0:06:23]} 35. Rxf5+ {[%clk 0:46:54]} Kd6 {[%clk 0:05:45]} 36. Rf7
{[%clk 0:46:46]} h5 {[%clk 0:05:40]} 37. Rf3 {[%clk 0:46:24]} Rg4
{[%clk 0:05:01]} 38. Rh3 {[%clk 0:46:29]} h4 {[%clk 0:05:14]} 39. f3
{[%clk 0:45:29]} Rf4 {[%clk 0:05:16]} 40. Kd1 {[%clk 0:45:44]} Ne5
{[%clk 0:04:59]} 41. Ke2 {[%clk 0:45:57]} Nxf3 {[%clk 0:03:22]} 42. Rxf3
{[%clk 0:45:58]} Rxf3 {[%clk 0:03:40]} 43. Kxf3 {[%clk 0:46:22]} Ke5
{[%clk 0:03:59]} 44. Kg4 {[%clk 0:46:33]} Ke4 {[%clk 0:04:07]} 45. Kxh4
{[%clk 0:45:41]} Kd3 {[%clk 0:04:27]} 46. Kg5 {[%clk 0:45:09]} Kc2
{[%clk 0:04:45]} 47. Kf6 {[%clk 0:44:37]} Kxb2 {[%clk 0:05:04]} 48. Ke7
{[%clk 0:44:17]} Kxc3 {[%clk 0:04:38]} 49. Kd7 {[%clk 0:44:22]} Kb2
{[%clk 0:02:35]} 50. Kxc7 {[%clk 0:44:41]} b5 {[%clk 0:02:43]} 51. Kb6
{[%clk 0:44:32]} Kxa2 {[%clk 0:02:53]} 52. Ka5 {[%clk 0:44:25]} Ka3
{[%clk 0:03:05]} 53. Kxa6 {[%clk 0:43:43]} b4 {[%clk 0:03:15]} 54. Kb5
{[%clk 0:44:03]} b3 {[%clk 0:03:25]} 55. Kc4 {[%clk 0:43:45]} b2 {[%clk 0:03:46]}
0-1